Drug abuse, cultism and violence in our schools: the way out The End Time Call Ministry International & Royal Line Promotions &

Saved in:
Bibliographic Details
Main Author: OMOLE, F. Akin
Format: Book
Language:English
Tags: Add Tag
No Tags, Be the first to tag this record!

MARC

LEADER 00000nam a22000007a 4500
008 210120b ||||| |||| 00| 0 eng d
020 |a 930-28457-13  
100 |a OMOLE, F. Akin 
245 |a Drug abuse, cultism and violence in our schools: the way out  |b The End Time Call Ministry International & Royal Line Promotions &   |c F. Akin Omole 
260 |i 664552  |l HV6025 .N6Om6 
942 |a lcc  |c BK  |e Mr ogunleye 
952 |0 0  |1 0  |2 lcc  |4 0  |6 HV6025 N6 O M6  |7 0  |9 1307  |a HOL  |b HOL  |d 2021-01-20  |l 0  |o HV6025 .N6Om6  |p 2021-0120  |r 2021-01-20 00:00:00  |w 2021-01-20  |y BK 
999 |c 673  |d 673